000
00252nam a2200097Ia 4500
008
230915s9999 xx 000 0 und d
050
_a
KSK 2461 .K35 2012
100
_a
KALUMA PETER
245
0
_a
JUDICIAL REVIEW LAW PROCEDURE AND PRACTICE
942
_c
BK
999
_c
166213
_d
166213